00492nam a2200181Ia 4500008004100000020001800041245001600059245004700075245006000122250001900182260001300201260003000214260000900244300001400253300002500267300001000292500000800302170705s9999 xx 000 0 und d a9780152842864 aTeammates : bhow two men changed the face of baseball / cwritten by Peter Golenbock ; illustrated by Paul Bacon. aFirst edition. aBoston : bHoughton Mifflin Company, c1990 aunpaged : bcolor illustration ; c21cm. a930